Los homicidios agravados. 2B /

Guardado en:
Autor Principal: Pazos Crocitto, José Ignacio.
Formato: Libro
Idioma:Undetermined
Publicado: Buenos Aires : Hammurabi, 2017.
Edición:1a. ed.
Series:Delitos contra la vida
Materias:
Etiquetas: Agregar Etiqueta
Sin Etiquetas, Sea el primero en etiquetar este registro!
LEADER 00649nam a22001815a 4500
001 DER.der014974
008 240412s2017####ag############000#0#und#d
005 20240701142010.0
245 1 0 |a Los homicidios agravados. 2B /  |c José Ignacio Pazos Crocitto. 
250 |a 1a. ed. 
260 |a Buenos Aires :  |b Hammurabi,  |c 2017. 
300 |a 373 p. 
490 1 |a Delitos contra la vida 
500 |a Homicidio "criminis causae".Calificación por las calidades de agente y de la víctima. Femicidio. Venganza transversal. 
020 |a 9789507418804 
100 1 |a Pazos Crocitto, José Ignacio. 
650 7 |a DERECHO PENAL 
859 |a DERECHO  |b BIB. DERECHO  |h 345  |i PAZ  |p 0010311